Zárukou serióznosti Príloha
Produkty Slovenskej sporiteľne, a.s. Bratislava. Sprostredkovanie obchodných kontaktov v zahraničí. Forma podávania bankových informácií. Postupy pri získavaní obchodných kontaktov: aktívny a pasívny.
Salvato in:
| Autore principale: | |
|---|---|
| Natura: | Capitolo di libro |
| Lingua: | slovacco |
| Soggetti: | |
| Tags: |
Nessun Tag, puoi essere il primo ad aggiungerne!!
|
MARC
| LEADER | 00000naa a2200000 4500 | ||
|---|---|---|---|
| 001 | r020724 | ||
| 005 | 20251104124128.6 | ||
| 041 | 0 | |a slo | |
| 044 | |a SK | ||
| 245 | 1 | 0 | |a Zárukou serióznosti |b Príloha |c V. Holík |
| 520 | |a Produkty Slovenskej sporiteľne, a.s. Bratislava. Sprostredkovanie obchodných kontaktov v zahraničí. Forma podávania bankových informácií. Postupy pri získavaní obchodných kontaktov: aktívny a pasívny. | ||
| 610 | 2 | 0 | |a banky |
| 610 | 2 | 0 | |a Slovenská sporiteľňa, a.s. Bratislava |
| 610 | 2 | 0 | |a služby bankové |
| 100 | 1 | |a Holík, V. | |